Recent trends in rating valuation (Record no. 84659)

MARC details
000 -LEADER
fixed length control field 01647cab a22003735a 4500
001 - CONTROL NUMBER
control field L158691
008 - FIXED-LENGTH DATA ELEMENTS--GENERAL INFORMATION
fixed length control field 150619e2015 xxk 000 0 eng d
035 ## - SYSTEM CONTROL NUMBER
System control number (Sirsi) u158691
041 0# - LANGUAGE CODE
Language code of text/sound track or separate title eng
100 1# - MAIN ENTRY--PERSONAL NAME
Personal name Lewsley, Christopher
245 00 - TITLE STATEMENT
Title Recent trends in rating valuation
260 ## - PUBLICATION, DISTRIBUTION, ETC.
Date of publication, distribution, etc. 2015
490 ## - SERIES STATEMENT
Series statement Rating and Valuation Reporter
Volume/sequential designation 55(6) June 2015, 183-189(7)
520 ## - SUMMARY, ETC.
Summary, etc. Looks at recent rating case law topics including statutory framework, valuation methods, rental evidence, decapitalisation rate, assessing the utility of rents, repairs, hypothetical tenancy duration and rent reviews and material change of circumstances.
590 ## - LOCAL NOTE (RLIN)
Local note KA
650 #4 - SUBJECT ADDED ENTRY--TOPICAL TERM
Topical term or geographic name entry element LOCAL GOVERNMENT FINANCE ACT 1988
650 #4 - SUBJECT ADDED ENTRY--TOPICAL TERM
Topical term or geographic name entry element LOTUS AND DELTA LTD V CULVERWELL (VO) V LEICESTER CITY COUNCIL
650 24 - SUBJECT ADDED ENTRY--TOPICAL TERM
Topical term or geographic name entry element HOSPITAL PLAN INSURANCE SERVICES LTD V PERSAUD
650 24 - SUBJECT ADDED ENTRY--TOPICAL TERM
Topical term or geographic name entry element VINES LTE V DE MAUNY (VO)
650 24 - SUBJECT ADDED ENTRY--TOPICAL TERM
Topical term or geographic name entry element GPS (GREAT BRITAIN) LTD AND OTHERS V BIRD
650 24 - SUBJECT ADDED ENTRY--TOPICAL TERM
Topical term or geographic name entry element LAND SECURITIES PLC V WESTMINSTER CITY COUNCIL
650 24 - SUBJECT ADDED ENTRY--TOPICAL TERM
Topical term or geographic name entry element JOHN LEWIS & CO LTD V GOODWIN AND ANOTHER
650 24 - SUBJECT ADDED ENTRY--TOPICAL TERM
Topical term or geographic name entry element NHS GREATER GLASGOW & CLYDE V RENFREWSHIRE VALUATION JOINT BOARD ASSESSOR AND GLASGOW CITY ASSESSOR
650 24 - SUBJECT ADDED ENTRY--TOPICAL TERM
Topical term or geographic name entry element GALLAGHER (VO) V READ AND PARTNERS AND OTHERS
650 24 - SUBJECT ADDED ENTRY--TOPICAL TERM
Topical term or geographic name entry element REDROSE LTD V THOMAS (VO)
650 24 - SUBJECT ADDED ENTRY--TOPICAL TERM
Topical term or geographic name entry element HAPPY FEET NURSRY AND OUT OF SCHOOL CLUB LTD V LANARKSHIRE ASSESSOR
650 24 - SUBJECT ADDED ENTRY--TOPICAL TERM
Topical term or geographic name entry element BURVILL V JONES (VO)
650 24 - SUBJECT ADDED ENTRY--TOPICAL TERM
Topical term or geographic name entry element DOUBLE MAXIM BREWERY LTD V SMITH (VO)
650 24 - SUBJECT ADDED ENTRY--TOPICAL TERM
Topical term or geographic name entry element NEWBIGIN (VO) V S J & MONK
650 24 - SUBJECT ADDED ENTRY--TOPICAL TERM
Topical term or geographic name entry element HARDMAN (V0) V BRITISH GAS TRADING LTD
651 #4 - SUBJECT ADDED ENTRY--GEOGRAPHIC NAME
Geographic name United Kingdom
Chronological subdivision
690 ## - LOCAL SUBJECT ADDED ENTRY--TOPICAL TERM (OCLC, RLIN)
Topical term or geographic name as entry element Finance and taxation
942 ## - ADDED ENTRY ELEMENTS (KOHA)
Suppress in OPAC 0
Holdings
Withdrawn status Lost status Source of classification or shelving scheme Damaged status Not for loan Home library Current library Shelving location Date acquired Total Checkouts Full call number Barcode Date last seen Copy number Price effective from Koha item type
    Dewey Decimal Classification     London London Journals 19/06/2015   L158691 158691-1001 06/08/2019 1 06/08/2019 Journal article